[Event "NEP-ch Seniors 5th"]
[Site "Kathmandu"]
[Date "2022.11.05"]
[Round "1"]
[White "Shrestha, Binay"]
[Black "Punya Man, Karmacharya"]
[Result "0-1"]
[WhiteElo "1403"]
[BlackElo "1831"]
[PlyCount "126"]
[EventDate "2022.11.05"]
[EventType "swiss"]
[EventRounds "7"]
[EventCountry "NEP"]
[SourceTitle "CBM 211 Extra"]
[Source "ChessBase"]
[SourceDate "2023.01.31"]
[SourceVersion "1"]
[SourceVersionDate "2023.01.31"]
[SourceQuality "1"]

1. d4 Nf6 2. c4 e6 3. Bg5 d5 4. Nc3 Be7 5. e3 0-0 6. Bd3 dxc4 7. Bxc4 Nbd7 8. Qc2 b6 9. Nf3 Bb7 10. Be2 c5 11. 0-0 Rc8 12. Rad1 Nd5 13. Bxe7 Qxe7 14. Bd3 Nb4 15. Qe2 Nxd3 16. Qxd3 Bxf3 17. gxf3 cxd4 18. exd4 Rfd8 19. Qe4 Nf6 20. Qh4 Nd5 21. Qxe7 Nxe7 22. Rd3 Nd5 23. Rfd1 f5 24. Nxd5 Rxd5 25. f4 Kf7 26. Kh1 h6 27. Rg3 Rc7 28. h4 Rcd7 29. Rdg1 Kf8 30. Re1 R7d6 31. Reg1 Rd7 32. Re1 Rxd4 33. Rxe6 Rxf4 34. Rc6 Rxf2 35. Rc8+ Kf7 36. Kg1 Rxb2 37. Rc1 g6 38. Rgc3 Rxa2 39. Rc7 Rxc7 40. Rxc7+ Kf6 41. Rc6+ Kf7 42. Rc7+ Ke8 43. Rg7 g5 44. hxg5 hxg5 45. Rxg5 Ra5 46. Kg2 Kf7 47. Kf3 Kf6 48. Rg8 Ra4 49. Rb8 Ke5 50. Re8+ Kd5 51. Rd8+ Kc5 52. Rc8+ Kb5 53. Ra8 a5 54. Rc8 Rc4 55. Rf8 f4 56. Ra8 Kb4 57. Ra6 b5 58. Rd6 a4 59. Rd1 a3 60. Rb1+ Ka4 61. Ra1 b4 62. Re1 b3 63. Re8 b2 0-1